000 00929nam a2200277Ia 4500
003 OSt
005 20220925180226.0
006 a|||||r|||| 00| 0
007 ta
008 220923b |||||||| |||| 00| 0 eng d
020 _a9780674728974
_c2766.1100000000001
037 _b5623, 21/10/2015, RAJKIRAN BOOK AGENCY
_cGeneral Book
040 _aRTL
_cRTL
_beng
041 _2eng
_aeng
082 _aS8:12, Q5
100 _aSCHUTT Russell K
_9235563
245 0 _aSocial neuroscience
_b Brain, mind and society
260 _aCambridge
_bHarvard University Press
_c2015
300 _axi,436p
_ccm.
500 _aReferences:245-301p.
650 _aEconomics
700 _a KESHAVAN Matcheri S
_9250848
700 _a SEIDMAN Larry J
_9250849
942 _hS8:12, Q5
_cGB
_2CC
999 _c495996
_d495996